| Поле | Инд. | ПП | Название | Значение |
|---|---|---|---|---|
| Тип записи | a | |||
| Библиографический уровень | m | |||
| 001 | Контрольный номер | RU/IS/BASE/455723764 | ||
| 005 | Дата корректировки | 20150903150950.6 | ||
| 020 | a | ISBN | 978-5-903090-97-6 | |
| 040 | a | Служба первич. каталог. | НБ ТвГУ | |
| b | Код языка каталог. | rus | ||
| e | Правила каталог. | PSBO | ||
| 041 | 0_ | a | Код языка текста | rus |
| 080 | a | Индекс УДК | 547.7 | |
| 084 | a | Индекс другой классификации/Индекс ББК | Г26 | |
| 090 | a | Полочн. индекс | Г26 | |
| x | Авторский знак | М 74 | ||
| 100 | 1_ | a | Автор | Мокрушин Владимир Степанович |
| q | Полное имя | Мокрушин В. С. | ||
| 245 | 00 | a | Заглавие | Химия гетероциклических диазосоединений |
| 260 | a | Место издания | Санкт-Петербург | |
| c | Дата издания | 2013 | ||
| b | Издательство | Проспект Науки | ||
| 300 | a | Объем | 221, [2] с. | |
| 504 | a | Библиография | Библиогр.: с. 194-222 (351 назв.) | |
| 520 | 0_ | a | Аннотация | Рассмотрены методы получения нитрозаминов, солей диазония гетероциклов, а также диазососоединений гетероциклического ряда, подобных по структуре алифатическим диазосоединениям. Приведены реакции азосочетания гетероциклических солей диазония с активными и малоактивными азосоставляющими ароматического ряда. Описано медицинское применение препаратов, полученных на основе гетероциклических диазосоединений. Обобщенный материал, приведенный в монографии, имеет прогностическое значение при разработке плана синтеза новых соединений. Принесет пользу для магистров, аспирантов, преподавателей и научных работников, работающих в области тонкого органического синтеза. |
| 653 | 0_ | a | Ключевые слова | Гетероциклические диазосоединения |
| a | Ключевые слова | Диазосоединения | ||
| a | Ключевые слова | Гетероциклические соединения | ||
| a | Ключевые слова | Лекарственные препараты | ||
| a | Ключевые слова | Органическая химия | ||
| a | Ключевые слова | Противоопухолевые препараты | ||
| a | Ключевые слова | Химия | ||
| a | Ключевые слова | Фармакология | ||
| 700 | 12 | a | Другие авторы | Садчикова Елена Владимировна |
| q | Полное имя | Садчикова Е. В. | ||
| 901 | t | Тип документа | m | |
| 920 | a | Оператор | Поля | |
| a | Оператор | Конд | ||
| a | Оператор | Петр | ||
| a | Оператор | Густ | ||
| a | Оператор | Стро | ||
| 930 | a | Новая/Ретро | новая | |
| 952 | c | Вид литературы | К рн | |
| 954 | b | Дата поступления в ОК | 20140610 | |
| a | Дата поступления на обработку | 20150824 | ||
| c | Дата окончания ОНО | 20150903 |